[Event "II Criciúma Chess Open - A1700 - 12-18"]
[Site "Criciúma SC"]
[Date "2024.01.18"]
[Round "9.20"]
[White "Pimenta, Elisandro Da Silva"]
[Black "Woichinevski, Joao Vinicius Peru"]
[Result "1/2-1/2"]
[WhiteElo "1829"]
[BlackElo "1747"]
[PlyCount "78"]
[EventDate "2024.01.12"]
[EventRounds "9"]
[EventCountry "BRA"]

1. e4 {CB} e5 2. Nf3 Nf6 3. Nxe5 d6 4. Nf3 Nxe4 5. Nc3 Nxc3 6. dxc3 Be7 7. Be3
O-O 8. Qd2 Nc6 9. O-O-O Rb8 ({RR} 9... Ne5 10. Kb1 a6 11. Be2 Be6 12. Nd4 Nc4
13. Qd3 Nxe3 14. Nxe6 fxe6 15. Qxe3 e5 16. Bd3 c6 17. h4 Rf6 18. g3 d5 19. Qxe5
Rxf2 20. Rhf1 Rf6 21. Qh5 g6 22. Qe2 Qd6 23. h5 Raf8 24. hxg6 {Anand,V (2786)
-Kramnik,V (2754) Monte Carlo 2005 CBM 105 Extra [CB] 1-0 (52)}) 10. Bd3 ({RR} 
10. h4 Bf6 11. Ng5 Ne5 12. f3 b5 13. Bd3 h6 14. Ne4 Be6 15. Kb1 b4 16. Nxf6+
Qxf6 17. cxb4 Nxd3 18. cxd3 a5 19. bxa5 Rb5 20. Rc1 Rfb8 21. Rc2 Qf5 22. Qc3
Rxa5 23. a3 Rb3 24. g4 Qb5 {Cermak,J (1912)-Hrbek,T (1744) Ricany CZE 2019 0-1}
) 10... b5 11. h4 $146 ({RR} 11. Ng5 Bxg5 12. Bxg5 Qd7 13. h4 b4 14. h5 bxc3
15. Qxc3 Nb4 16. Kb1 Qc6 17. Qxc6 Nxc6 18. h6 g6 19. Bf6 Be6 20. b3 Ne5 21. Be2
Ng4 22. Bxg4 Bxg4 23. f3 Bd7 24. Rhe1 Rfe8 25. Kb2 Re6 {Cardoso Garcia,S (2045)
-Bouzo Alvarez,J (2145) Malaga 1993 1/2-1/2 (34)}) 11... Ne5 12. Bxh7+ Kxh7 13.
Ng5+ Kh8 14. f4 Ng4 15. Qd3 f5 16. Bxa7 Ra8 17. Bd4 Bf6 18. Qxb5 Bxd4 19. cxd4
Qf6 20. Qd5 Bd7 21. Rhe1 c6 22. Qc4 d5 23. Qb4 Nf2 24. Rd2 Ne4 25. Rd3 Rxa2 26.
Ra3 Rxa3 27. Qxa3 Re8 28. Qf3 Nxg5 29. Qh5+ Nh7 30. Rxe8+ Bxe8 31. Qxe8+ Nf8
32. h5 Kg8 33. c3 Qe6 34. Qa8 Kf7 35. Qb7+ Qd7 36. Qb8 Ne6 37. g3 Qc7 38. Qa8
Nd8 39. Kc2 Qe7 1/2-1/2

[Event "II Criciúma Chess Open - A1700 - 12-18"]
[Site "Criciúma SC"]
[Date "2024.01.18"]
[Round "9.21"]
[White "Ribeiro, Dionatan Lua Franze"]
[Black "Mariano, Kaiki Pereira"]
[Result "1/2-1/2"]
[WhiteElo "1820"]
[BlackElo "1700"]
[PlyCount "51"]
[EventDate "2024.01.12"]
[EventRounds "9"]
[EventCountry "BRA"]

1. e4 e5 2. Nf3 Nf6 3. Nxe5 d6 4. Nf3 Nxe4 5. Nc3 Nxc3 6. dxc3 Be7 7. Be3 O-O
8. Qd2 Nd7 9. O-O-O Re8 10. Bd3 Nf6 11. h3 d5 12. Rhe1 c5 13. Bg5 $146 ({RR} 
13. c4 d4 14. Bg5 Be6 15. Rxe6 fxe6 16. Qe2 Bd6 17. Nd2 Qc7 18. g3 Qf7 19. Ne4
Be7 20. Bd2 Nd7 21. f4 b5 22. cxb5 Nb6 23. Ng5 Bxg5 24. fxg5 e5 25. b3 c4 26.
bxc4 e4 27. Bxe4 Rac8 {Van Foreest,J (2584)-Paravyan,D (2525) Moscow 2017 1-0 
(72)}) 13... Be6 14. Qf4 Qa5 15. Kb1 d4 16. c4 b5 17. Rxe6 fxe6 18. Ne5 Qc7 19.
cxb5 Bd6 20. Re1 Bxe5 21. Rxe5 Nd7 22. Qe4 Qxe5 23. Qxh7+ Kf8 24. Qh8+ Kf7 25.
Qh5+ Kf8 26. Qh8+ 1/2-1/2

[Event "II Criciúma Chess Open - A1700 - 12-18"]
[Site "Criciúma SC"]
[Date "2024.01.18"]
[Round "9.22"]
[White "Cunha E Silva, Carlos Alberto V."]
[Black "Cardoso, Leandro Ubialli"]
[Result "1-0"]
[WhiteElo "1984"]
[BlackElo "1842"]
[PlyCount "55"]
[EventDate "2024.01.12"]
[EventRounds "9"]
[EventCountry "BRA"]

1. d4 Nf6 2. c4 e6 3. Nc3 d5 4. e3 c6 5. Nf3 Bd6 6. Bd3 dxc4 7. Bxc4 b5 8. Bd3
Bb7 ({RR} 8... a6 9. e4 Bb4 10. O-O Be7 11. e5 Nd5 12. Ne4 O-O 13. Bg5 Bb7 14.
Qd2 a5 15. Rac1 Bxg5 16. Nexg5 h6 17. Ne4 Ba6 18. Nc5 Nd7 19. Bb1 Nxc5 20. Rxc5
Ne7 21. Qd3 Ng6 22. Rfc1 Bb7 23. Qe4 {Simantsev,M (2541)-Biriukov,I (2285)
Donskoj 2010 1-0 (86)}) ({RR} 8... a6 9. e4 Bc7 10. O-O O-O 11. e5 Nd5 12. Ne4
h6 13. Qe2 Bb7 14. Nc5 Ra7 15. Qe4 f5 16. exf6 Nxf6 17. Qxe6+ Kh8 18. Nh4 Bc8
19. Ng6+ Kh7 20. Nxf8+ Kh8 21. Ng6+ Kh7 22. Ne5+ Kh8 23. Nf7+ {Zong,D (2129)
-Maranhao,J (1923) chess.com INT 2021 1-0}) 9. O-O Nbd7 10. b3 e5 11. Ne4 $146
({RR} 11. Bb2 exd4 12. Nxd4 O-O 13. Ne4 Nxe4 14. Bxe4 Bxh2+ 15. Kxh2 Qh4+ 16.
Kg1 Qxe4 17. Nf3 Rfd8 18. Qd4 Qxd4 19. Bxd4 c5 20. Bb2 Bxf3 21. gxf3 Nb6 22.
Rfc1 Rd5 23. Rc2 Rc8 24. Rac1 Nd7 25. Kf1 Rc6 {Zullkafli,A (1702)-Doan,T (1996)
Taipa 2014 0-1 (39)}) 11... Nxe4 12. Bxe4 exd4 13. Nxd4 Bxh2+ 14. Kxh2 Qh4+ 15.
Kg1 Qxe4 16. f3 Qg6 17. Ba3 O-O-O 18. Rc1 Nb6 19. Qe1 Kb8 20. Qa5 Rd5 21. Bc5
Nc8 22. a4 a6 23. axb5 cxb5 24. e4 Rg5 25. Rf2 Rh5 26. Nf5 Qe6 27. Rd2 Qxb3 28.
Rd7 1-0

[Event "II Criciúma Chess Open - A1700 - 12-18"]
[Site "Criciúma SC"]
[Date "2024.01.18"]
[Round "9.23"]
[White "Spritzer, Abrao Rafael"]
[Black "Cardoso, Lucas Emanuel Alves"]
[Result "1/2-1/2"]
[WhiteElo "1811"]
[BlackElo "1710"]
[PlyCount "63"]
[EventDate "2024.01.12"]
[EventRounds "9"]
[EventCountry "BRA"]

1. e4 c5 2. Nf3 d6 3. d3 Nc6 4. g3 g6 5. Bg2 Bg7 6. O-O e6 7. c3 Nge7 8. Re1
O-O 9. Nbd2 Rb8 10. Nf1 b5 11. d4 b4 ({RR} 11... Bb7 12. dxc5 dxc5 13. Bf4 Rc8
14. Bd6 Na5 15. e5 Nc4 16. Qe2 Nxd6 17. Rad1 Nd5 18. exd6 a6 19. c4 bxc4 20.
Qxc4 Qxd6 21. Ne3 Nxe3 22. fxe3 Qb6 23. b3 Rfd8 24. Qh4 Rxd1 25. Rxd1 c4 26.
bxc4 {Stotskaja,E (2027)-Papunidi,M (1913) Minsk BLR 2018 0-1}) 12. Be3 ({RR} 
12. Bf4 bxc3 13. bxc3 cxd4 14. cxd4 e5 15. Be3 Bg4 16. d5 Nd4 17. h3 Bxf3 18.
Bxf3 f5 19. Bxd4 {1/2-1/2 (19) Miralles,G (2460)-Antigua Padros,J (2305)
Catalunya 1996}) 12... bxc3 13. bxc3 Qa5 14. Bd2 $146 ({RR} 14. Qd2 cxd4 15.
cxd4 Ba6 16. Rab1 Rfc8 17. Rec1 Qa4 18. Bh6 Bh8 19. d5 Rxb1 20. Rxb1 Qxe4 21.
Qc1 Nxd5 22. Ng5 Qc4 23. Qa3 Nc3 24. Rb3 Nd4 25. Rb4 Nc2 26. Rxc4 Nxa3 27. Rb4
d5 28. Bh3 Bg7 {Neporozhniy,K-Artemchuk,T Kiev 2002 0-1}) ({RR} 14. Qc2 Ba6 15.
N1d2 cxd4 16. Nxd4 Rfc8 17. N2b3 Qa4 18. Qd2 Ne5 19. f4 Nc4 20. Qf2 e5 21. fxe5
Nxe5 22. Qd2 Nc4 23. Qf2 Nxe3 24. Qxe3 Rc7 25. Rec1 Nc8 26. Bf1 Nb6 27. Bxa6
Qxa6 28. Rf1 Nc4 {Babic,M (2141)-Markov,V (2202) Herceg Novi 2000 0-1 (39)}) ({
RR} 14. Qd2 Ba6 15. Bh6 cxd4 16. Bxg7 Kxg7 17. cxd4 Qxd2 18. N1xd2 Rb2 19. Reb1
Rfb8 20. Nb3 Rxb1+ 21. Rxb1 Bd3 22. Re1 a5 23. Re3 Bc2 24. e5 Nd5 25. Re2 Bxb3
26. axb3 dxe5 27. dxe5 Rxb3 28. Ra2 Nc3 {Santos Filho,V (1646)-Chemin,V (2133)
Curitiba 2016 1/2-1/2 (36)}) 14... Qa3 15. e5 dxe5 16. Nxe5 Nxe5 17. dxe5 Bb7
18. Qc1 Qa4 19. Bg5 Rfe8 20. Bxb7 Rxb7 21. Bxe7 Rexe7 22. Nd2 Qc6 23. Nc4 Rb8
24. f4 Rd7 25. Nd6 Rbd8 26. Rb1 f6 27. Qe3 fxe5 28. fxe5 Bxe5 29. Qxe5 Rxd6 30.
Qf6 Qd7 31. Qe5 Qc6 32. Qf6 1/2-1/2